000 00517nam a2200157 i 4500
001 101581
003 ES-MaACL
005 20230906182934.0
007 t|
008 051020s1971 sp ||||1| spa d
245 0 0 _aMedidas comerciales y ajuste de balanza de pagos...
260 _aMadrid :
_bOrganización de Cooperación y Desarrollo Económicos,
_c1971.
300 _a93 p., 2 gráf. ;
_c24 cm.
710 2 _aOrganización de Cooperación y Desarrollo Económico.
_9167502
852 _aES-MaACL
_jE-5313
_bR.89693
999 _c101581
_d101581